|
|
|
|
| LEADER |
00000naa2a2200000 4500 |
| 001 |
216119 |
| 005 |
20240208085525.0 |
| 035 |
|
|
|a (RuTPU)RU\TPU\book\236080
|
| 035 |
|
|
|a RU\TPU\book\236077
|
| 090 |
|
|
|a 216119
|
| 100 |
|
|
|a 20120521d2006 k y0rusy50 ca
|
| 101 |
0 |
|
|a rus
|
| 102 |
|
|
|a RU
|
| 200 |
1 |
|
|a Гетерофазное получение дифениламина
|f Л. С. Сорока, В. В. Бочкарев
|
| 320 |
|
|
|a Библиогр.: с. 316 (3 назв.)
|
| 461 |
|
0 |
|0 (RuTPU)RU\TPU\book\137209
|t Химия, химическая технология и биотехнология на рубеже тысячелетий
|o IV Международная научная конференция, г. Томск, 11-16 сентября, 2006 г.
|o в 2 т.
|o материалы
|f Томский политехнический университет (ТПУ) ; Администрация Томской области
|d 2006
|
| 463 |
|
0 |
|0 (RuTPU)RU\TPU\book\136441
|t Т. 1
|v С. 315-316
|d 2006
|p 532 с.
|
| 610 |
1 |
|
|a труды учёных ТПУ
|
| 700 |
|
1 |
|a Сорока
|b Л. С.
|c химик-органик
|c доцент Томского политехнического университета, кандидат химических наук
|f 1975-
|g Людмила Станиславовна
|3 (RuTPU)RU\TPU\pers\25644
|9 11555
|
| 701 |
|
1 |
|a Бочкарев
|b В. В.
|c российский химик-органик
|c доцент Томского политехнического университета, кандидат химических наук
|f 1948-
|g Валерий Владимирович
|3 (RuTPU)RU\TPU\pers\25606
|4 070
|
| 801 |
|
1 |
|a RU
|b 63413507
|c 20120306
|
| 801 |
|
2 |
|a RU
|b 63413507
|c 20120521
|g RCR
|
| 942 |
|
|
|c BK
|